<?xml version="1.0" encoding="UTF-8"?>
<collection xmlns="http://www.loc.gov/MARC21/slim">
 <record>
  <leader>00635nab a2200157 i 4500</leader>
  <controlfield tag="001">delm131141</controlfield>
  <controlfield tag="005">20191122153622.0</controlfield>
  <controlfield tag="008">191122s2003    hu      o     0||   hun d</controlfield>
  <datafield tag="040" ind1=" " ind2=" ">
   <subfield code="a">SZTE Délmagyarország Archívum</subfield>
   <subfield code="b">hun</subfield>
  </datafield>
  <datafield tag="041" ind1=" " ind2=" ">
   <subfield code="a">hun</subfield>
  </datafield>
  <datafield tag="100" ind1="1" ind2=" ">
   <subfield code="a">Kéri Barnabás</subfield>
  </datafield>
  <datafield tag="245" ind1="1" ind2="2">
   <subfield code="a">A jezsita rend még kivár </subfield>
   <subfield code="h">[elektronikus dokumentum] :</subfield>
   <subfield code="b">az egyetem tudná használni a Kálvária sugárúti épületet /</subfield>
   <subfield code="c"> Kéri Barnabás</subfield>
  </datafield>
  <datafield tag="260" ind1=" " ind2=" ">
   <subfield code="c">2003-05-10</subfield>
  </datafield>
  <datafield tag="300" ind1=" " ind2=" ">
   <subfield code="a">5</subfield>
  </datafield>
  <datafield tag="490" ind1="0" ind2=" ">
   <subfield code="a">Délmagyarország</subfield>
   <subfield code="v">93 No. 108</subfield>
  </datafield>
  <datafield tag="695" ind1=" " ind2=" ">
   <subfield code="a">Szeged, Középület szakközépiskola Dugonics tér Szeged, Egyház római katolikus jezsuita rend Szeged, Egyházi ingatlan Szeged</subfield>
  </datafield>
 </record>
</collection>
